| 000 | 00437nam a22001697a 4500 | ||
|---|---|---|---|
| 005 | 20180911164126.0 | ||
| 010 | _aB-119634 | ||
| 020 | _a8178292424 | ||
| 035 | _aB-119634 | ||
| 037 | _bB-119634 | ||
| 082 | _a658.4013 | ||
| 100 | _aSarkar, Debashis | ||
| 245 |
_aQuality in business: _b76 mantras for managers |
||
| 260 |
_aNew Delhi _bB-119634 |
||
| 300 |
_a180p. _c21cm(pbk) |
||
| 942 |
_2ddc _cEN _h658.4013 _mSAR |
||
| 999 |
_c157372 _d157372 |
||